| 000 | 00793nam a2200205Ii 4500 | ||
|---|---|---|---|
| 003 | JO-AjNU | ||
| 008 | 230605s9999||||xx |||||||||||||| ||und|| | ||
| 040 |
_aJO-AjNU _bara _erda _cJO-AjNU |
||
| 041 | _aara | ||
| 050 | 1 | 4 | _aBP166.5.I8724 2002 |
| 100 | 3 |
_aجمع:زهار، عدنان بن عبد الله, _eauthor _918400 |
|
| 245 | 0 | 0 | _aالاستبشار برؤى النبي المختار صلى الله عليه وسلم وهو أربعون رؤيا للنبي صلى الله عليه وسلم |
| 250 | _aط1 | ||
| 264 | 3 | 1 | _aبيروت: دار الكتب العلمية، 2002 |
| 300 | _a127ص | ||
| 336 |
_atext _btxt _2rdacontent |
||
| 337 |
_aunmediated _bn _2rdamedia |
||
| 338 |
_avolume _bnc _2rdacarrier |
||
| 650 | 4 |
_aالرؤيا- السمعيات- علم الكلام _918401 |
|
| 999 |
_aA5877 _c9445 _d9445 |
||